[Event "DSJ Weihnachtsturnier U20 2020"]
[Site "https://play.chessbase.com/en/play?room=DSJWeihnachtU20"]
[Date "2020.12.29"]
[Round "1"]
[White "Förster, Nico"]
[Black "Ohler, Julius"]
[Result "0-1"]
[Termination "normal"]
[Board "19.2"]
[WhiteElo "1789"]
[BlackElo "2010"]
[WhiteTeam "Schachfreunde Greiz"]
[BlackTeam "SC ML Kastellaun"]
[PlyCount "146"]
[WhiteFideId "16292952"]
[BlackFideId "16238982"]
[EventRounds "7"]
[EventType "team-swiss"]
[EventDate "2020.12.29"]

1. e4 {[%emt 0:00:11]} c6 {[%emt 0:00:02]} 2. d4 {[%emt 0:00:11]} d5 {[%emt
0:00:02]} 3. exd5 {[%emt 0:00:02]} cxd5 {[%emt 0:00:02]} 4. Bd3 {[%emt
0:00:02]} Nf6 {[%emt 0:00:02]} 5. Ne2 {[%emt 0:00:02]} Nc6 {[%emt 0:00:04]} 6.
c3 { [%emt 0:00:02]} Bg4 {[%emt 0:00:02]} 7. f3 {[%emt 0:00:03]} Bh5 {[%emt
0:00:01] } 8. Bf4 {[%emt 0:00:07]} e6 {[%emt 0:00:02]} 9. Bg3 {[%emt 0:00:05]}
Be7 { [%emt 0:00:04]} 10. Nd2 {[%emt 0:00:07]} Bg6 {[%emt 0:00:02]} 11. Nf4
{[%emt 0:00:08]} Bxd3 {[%emt 0:00:02]} 12. Nxd3 {[%emt 0:00:03]} Bd6 {[%emt
0:00:01]} 13. Ne5 {[%emt 0:00:08]} Qc7 {[%emt 0:00:03]} 14. Qe2 {[%emt
0:00:12]} Nh5 { [%emt 0:00:10]} 15. Nxc6 {[%emt 0:00:26]} bxc6 {[%emt 0:00:02]}
16. Bxd6 { [%emt 0:00:03]} Qxd6 {[%emt 0:00:01]} 17. O-O {[%emt 0:00:18]} O-O
{[%emt 0:00:03]} 18. g3 {[%emt 0:00:12]} Nf6 {[%emt 0:00:02]} 19. Nb3 {[%emt
0:00:09]} Nd7 {[%emt 0:00:04]} 20. f4 {[%emt 0:00:14]} c5 {[%emt 0:00:02]} 21.
dxc5 {[%emt 0:00:03]} Nxc5 {[%emt 0:00:01]} 22. Qe3 {[%emt 0:00:09]} Nxb3
{[%emt 0:00:07]} 23. axb3 {[%emt 0:00:04]} a5 {[%emt 0:00:02]} 24. Rfd1 {[%emt
0:00:09]} Qc6 { [%emt 0:00:14]} 25. Qd4 {[%emt 0:00:12]} Rfb8 {[%emt 0:00:03]}
26. Ra3 { [%emt 0:00:25]} h6 {[%emt 0:00:22]} 27. f5 {[%emt 0:00:10]} Qc7
{[%emt 0:00:54] } 28. f6 {[%emt 0:00:13]} g6 {[%emt 0:00:06]} 29. Qh4 {[%emt
0:00:26]} Kh7 { [%emt 0:00:03]} 30. Qd4 {[%emt 0:00:40]} Rd8 {[%emt 0:00:16]}
31. Re1 {[%emt 0:00:09]} Qc6 {[%emt 0:00:25]} 32. h4 {[%emt 0:00:18]} h5 {[%emt
0:00:27]} 33. Re5 {[%emt 0:00:20]} Rh8 {[%emt 0:00:40]} 34. Qe3 {[%emt
0:00:40]} Kg8 { [%emt 0:00:31]} 35. b4 {[%emt 0:00:21]} axb4 {[%emt 0:00:08]}
36. Rxa8+ { [%emt 0:00:09]} Qxa8 {[%emt 0:00:01]} 37. Rxe6 {[%emt 0:00:42]}
Qa1+ {[%emt 0:00:35]} 38. Qe1 {[%emt 0:00:15]} Qa7+ {[%emt 0:00:23]} 39. Qe3
{[%emt 0:00:13]} Qxe3+ {[%emt 0:00:56]} 40. Rxe3 {[%emt 0:00:00]} bxc3 {[%emt
0:00:04]} 41. bxc3 {[%emt 0:00:05]} Kh7 {[%emt 0:00:01]} 42. Rd3 {[%emt
0:00:04]} Rc8 {[%emt 0:00:02] SF-Greiz002 offers a draw} 43. Kf2 {[%emt
0:00:46]} Rc6 {[%emt 0:00:04]} 44. Rf3 {[%emt 0:00:05]} Kg8 {[%emt 0:00:05]}
45. Ke2 {[%emt 0:00:01]} Kf8 { [%emt 0:00:02]} 46. Kd3 {[%emt 0:00:01]} Rc4
{[%emt 0:00:08]} 47. Re3 {[%emt 0:00:08]} Rg4 {[%emt 0:00:04]} 48. Ke2 {[%emt
0:00:11]} d4 {[%emt 0:00:10]} 49. Rd3 {[%emt 0:00:07]} Re4+ {[%emt 0:00:07]}
50. Kd2 {[%emt 0:00:03]} dxc3+ { [%emt 0:00:12]} 51. Kxc3 {[%emt 0:00:02]} Ke8
{[%emt 0:00:03]} 52. Kd2 { [%emt 0:00:09]} Re6 {[%emt 0:00:04]} 53. Re3 {[%emt
0:00:05]} Rxe3 {[%emt 0:00:08]} 54. Kxe3 {[%emt 0:00:00]} Kd7 {[%emt 0:00:01]}
55. Kf4 {[%emt 0:00:01]} Ke6 {[%emt 0:00:01]} 56. Kg5 {[%emt 0:00:06]} Ke5
{[%emt 0:00:01]} 57. g4 { [%emt 0:00:19]} hxg4 {[%emt 0:00:02]} 58. Kxg4 {[%emt
0:00:01]} Kxf6 {[%emt 0:00:01]} 59. Kf4 {[%emt 0:00:01]} Kg7 {[%emt 0:00:05]}
60. Kg5 {[%emt 0:00:01]} f6+ {[%emt 0:00:01]} 61. Kf4 {[%emt 0:00:01]} Kh6
{[%emt 0:00:01]} 62. Kg4 { [%emt 0:00:01]} f5+ {[%emt 0:00:01]} 63. Kg3 {[%emt
0:00:01]} Kh5 {[%emt 0:00:01]} 64. Kh3 {[%emt 0:00:04]} f4 {[%emt 0:00:01]} 65.
Kh2 {[%emt 0:00:02]} Kxh4 {[%emt 0:00:01]} 66. Kg2 {[%emt 0:00:01]} g5 {[%emt
0:00:01]} 67. Kf3 {[%emt 0:00:01]} Kh3 {[%emt 0:00:01]} 68. Kf2 {[%emt
0:00:01]} g4 {[%emt 0:00:01]} 69. Kg1 {[%emt 0:00:02]} g3 {[%emt 0:00:01]} 70.
Kh1 {[%emt 0:00:04]} f3 {[%emt 0:00:01]} 71. Kg1 {[%emt 0:00:01]} f2+ {[%emt
0:00:02]} 72. Kf1 {[%emt 0:00:01]} g2+ {[%emt 0:00:02]} 73. Kxf2 {[%emt
0:00:02]} Kh2 {[%emt 0:00:00]} 0-1

[Event "DSJ Weihnachtsturnier U20 2020"]
[Site "https://play.chessbase.com/en/play?room=DSJWeihnachtU20"]
[Date "2020.12.29"]
[Round "1"]
[White "Michels, Fabio"]
[Black "Wilczek, Mailo"]
[Result "1-0"]
[Termination "normal"]
[Board "19.3"]
[WhiteElo "1865"]
[BlackElo "1232"]
[WhiteTeam "SC ML Kastellaun"]
[BlackTeam "Schachfreunde Greiz"]
[PlyCount "53"]
[WhiteFideId "16223780"]
[BlackFideId "34663045"]
[EventRounds "7"]
[EventType "team-swiss"]
[EventDate "2020.12.29"]

1. c4 {[%emt 0:00:06]} e6 {[%emt 0:00:07]} 2. g3 {[%emt 0:00:05]} Nf6 {[%emt
0:00:10]} 3. Bg2 {[%emt 0:00:05]} d5 {[%emt 0:00:04]} 4. Nf3 {[%emt 0:00:10]}
Nbd7 {[%emt 0:00:08]} 5. O-O {[%emt 0:00:08]} Be7 {[%emt 0:00:53]} 6. b3 {
[%emt 0:00:37]} b6 {[%emt 0:00:28]} 7. Bb2 {[%emt 0:00:34]} Bb7 {[%emt 0:00:17]
} 8. d3 {[%emt 0:00:22]} c5 {[%emt 0:00:46] Kastell1-003 reconnected.} 9. cxd5
{[%emt 0:01:34]} exd5 {[%emt 0:00:37]} 10. d4 {[%emt 0:00:06]} O-O {[%emt
0:00:30]} 11. Nc3 {[%emt 0:00:42] Kastell1-003 reconnected.} Re8 {[%emt
0:01:44]} 12. e3 {[%emt 0:00:23]} Ne4 {[%emt 0:01:04]} 13. Qc2 {[%emt 0:00:35]}
Ndf6 { [%emt 0:00:06]} 14. Rfd1 {[%emt 0:00:10]} Nxc3 {[%emt 0:00:26]} 15. Bxc3
{ [%emt 0:00:11]} Ne4 {[%emt 0:00:03]} 16. Bb2 {[%emt 0:00:06]} Bf6 {[%emt
0:00:59]} 17. Nd2 {[%emt 0:00:21]} Rc8 {[%emt 0:00:33]} 18. Nxe4 {[%emt
0:00:59]} dxe4 {[%emt 0:00:05]} 19. dxc5 {[%emt 0:00:05]} Qe7 {[%emt 0:00:18]}
20. Bxf6 { [%emt 0:00:06]} Qxf6 {[%emt 0:00:07]} 21. b4 {[%emt 0:00:19]} Rcd8
{[%emt 0:00:12]} 22. Rac1 {[%emt 0:00:18]} Rc8 {[%emt 0:00:45]} 23. Rd6 {[%emt
0:01:10]} Qe5 {[%emt 0:00:19]} 24. Qa4 {[%emt 0:00:37]} bxc5 {[%emt 0:00:04]}
25. bxc5 { [%emt 0:00:03]} Rxc5 {[%emt 0:00:01]} 26. Rxc5 {[%emt 0:00:03]} Qxc5
{[%emt 0:00:00]} 27. Qxe8# {[%emt 0:00:02]} 1-0

[Event "DSJ Weihnachtsturnier U20 2020"]
[Site "https://play.chessbase.com/en/play?room=DSJWeihnachtU20"]
[Date "2020.12.29"]
[Round "1"]
[White "Weidenhöfer, Max"]
[Black "Gelman, Josef"]
[Result "0-1"]
[Termination "normal"]
[Board "20.1"]
[WhiteElo "1763"]
[BlackElo "2007"]
[WhiteTeam "TuS Varrel"]
[BlackTeam "SC Weisse Dame"]
[PlyCount "98"]
[WhiteFideId "16230566"]
[BlackFideId "12959642"]
[EventRounds "7"]
[EventType "team-swiss"]
[EventDate "2020.12.29"]

1. e4 {[%emt 0:00:03]} c6 {[%emt 0:00:02]} 2. d4 {[%emt 0:00:02]} d5 {[%emt
0:00:01]} 3. e5 {[%emt 0:00:01]} c5 {[%emt 0:00:02]} 4. dxc5 {[%emt 0:00:03]}
e6 {[%emt 0:00:01]} 5. b4 {[%emt 0:00:04]} a5 {[%emt 0:00:02]} 6. c3 {[%emt
0:00:05]} axb4 {[%emt 0:00:07]} 7. cxb4 {[%emt 0:00:00]} b6 {[%emt 0:00:01]} 8.
Bb5+ {[%emt 0:00:22]} Bd7 {[%emt 0:00:06]} 9. Bxd7+ {[%emt 0:00:03]} Nxd7
{[%emt 0:00:10]} 10. cxb6 {[%emt 0:00:45]} Bxb4+ {[%emt 0:00:07]} 11. Bd2
{[%emt 0:00:01]} Qxb6 {[%emt 0:00:07]} 12. Nf3 {[%emt 0:00:08]} Ne7 {[%emt
0:00:20]} 13. O-O {[%emt 0:00:07]} Bxd2 {[%emt 0:00:05]} 14. Qxd2 {[%emt
0:00:07]} O-O { [%emt 0:00:01]} 15. Nc3 {[%emt 0:00:06]} Ng6 {[%emt 0:00:05]}
16. Rfe1 { [%emt 0:00:04]} Rfc8 {[%emt 0:00:06]} 17. Rac1 {[%emt 0:00:09]} Qa5
{[%emt 0:00:06]} 18. Re3 {[%emt 0:00:25]} Nb6 {[%emt 0:00:09]} 19. Qe2 {[%emt
0:00:20]} Na4 {[%emt 0:00:18]} 20. Qd2 {[%emt 0:00:15]} Nxc3 {[%emt 0:00:41]}
21. Rexc3 { [%emt 0:00:06]} Rxc3 {[%emt 0:00:05]} 22. Rxc3 {[%emt 0:00:21]}
Qxa2 {[%emt 0:00:19]} 23. Qxa2 {[%emt 0:00:02]} Rxa2 {[%emt 0:00:02]} 24. Rc8+
{[%emt 0:00:00]} Nf8 {[%emt 0:00:01]} 25. g3 {[%emt 0:00:09]} g6 {[%emt
0:00:45]} 26. Ng5 { [%emt 0:00:18]} h6 {[%emt 0:00:05]} 27. Nf3 {[%emt
0:00:48]} Kg7 {[%emt 0:00:05]} 28. Rd8 {[%emt 0:00:05]} Ra7 {[%emt 0:00:10]}
29. Kg2 {[%emt 0:00:08]} Nd7 {[%emt 0:00:04]} 30. Rc8 {[%emt 0:00:14]
Varrel1-001 offers a draw} Nb6 { [%emt 0:00:10]} 31. Rc6 {[%emt 0:00:08]} Nc4
{[%emt 0:00:02]} 32. Kh3 {[%emt 0:00:33]} Ra2 {[%emt 0:00:07]} 33. Kg2 {[%emt
0:00:04]} Re2 {[%emt 0:00:05]} 34. Rc7 {[%emt 0:00:13]} Nxe5 {[%emt 0:00:22]}
35. Nd4 {[%emt 0:00:02]} Rd2 { [%emt 0:00:15]} 36. Nxe6+ {[%emt 0:00:02]} Kf6
{[%emt 0:00:05]} 37. Nf4 { [%emt 0:00:05]} Ng4 {[%emt 0:00:18]} 38. Nh3 {[%emt
0:00:05]} d4 {[%emt 0:00:13]} 39. Rc6+ {[%emt 0:00:02]} Kg7 {[%emt 0:00:11]}
40. Rd6 {[%emt 0:00:15]} d3 {[%emt 0:00:13]} 41. Rd4 {[%emt 0:00:09]} h5 {[%emt
0:00:09]} 42. Kf3 {[%emt 0:00:33]} Nxh2+ {[%emt 0:00:09]} 43. Ke3 {[%emt
0:00:01]} Nf1+ {[%emt 0:00:02]} 44. Kf3 {[%emt 0:00:15]} Rd1 {[%emt 0:00:15]}
45. Nf4 {[%emt 0:00:36]} d2 { [%emt 0:00:11]} 46. Ke2 {[%emt 0:00:01]} Re1+
{[%emt 0:00:09]} 47. Kf3 { [%emt 0:00:11]} d1=Q+ {[%emt 0:00:04]} 48. Rxd1
{[%emt 0:00:05]} Rxd1 {[%emt 0:00:00]} 49. Ke2 {[%emt 0:00:00]} Ra1 {[%emt
0:00:03]} 0-1

[Event "DSJ Weihnachtsturnier U20 2020"]
[Site "https://play.chessbase.com/en/play?room=DSJWeihnachtU20"]
[Date "2020.12.29"]
[Round "1"]
[White "Tham, Nam"]
[Black "Rehpenn, Tom"]
[Result "1-0"]
[Termination "time forfeit"]
[Board "20.2"]
[WhiteElo "1951"]
[BlackElo "1419"]
[WhiteTeam "SC Weisse Dame"]
[BlackTeam "TuS Varrel"]
[PlyCount "79"]
[WhiteFideId "12997331"]
[BlackFideId "16254708"]
[EventRounds "7"]
[EventType "team-swiss"]
[EventDate "2020.12.29"]

1. e4 {[%emt 0:00:08]} e5 {[%emt 0:00:03]} 2. Nf3 {[%emt 0:00:01]} Nc6 { [%emt
0:00:04]} 3. Bc4 {[%emt 0:00:02]} Nf6 {[%emt 0:00:07]} 4. d3 {[%emt 0:00:02]}
Bc5 {[%emt 0:00:02]} 5. c3 {[%emt 0:00:04]} d6 {[%emt 0:00:07]} 6. Bb3 { [%emt
0:00:02]} Be6 {[%emt 0:00:14]} 7. Nbd2 {[%emt 0:00:06]} Qd7 {[%emt 0:00:16]} 8.
h3 {[%emt 0:00:02]} O-O-O {[%emt 0:00:16]} 9. Nf1 {[%emt 0:00:04]} d5 { [%emt
0:00:11]} 10. Qe2 {[%emt 0:00:03]} dxe4 {[%emt 0:00:40]} 11. dxe4 { [%emt
0:00:03]} Bxb3 {[%emt 0:00:09]} 12. axb3 {[%emt 0:00:03]} Nxe4 {[%emt 0:00:11]}
13. Be3 {[%emt 0:00:15]} Rhe8 {[%emt 0:01:24]} 14. b4 {[%emt 0:00:52]} Bxe3
{[%emt 0:01:19]} 15. Nxe3 {[%emt 0:00:05]} g6 {[%emt 0:00:26]} 16. O-O { [%emt
0:00:05]} f5 {[%emt 0:00:15]} 17. Rfd1 {[%emt 0:00:19]} Qe6 {[%emt 0:00:26]}
18. Rxd8+ {[%emt 0:01:03]} Rxd8 {[%emt 0:00:05]} 19. b5 {[%emt 0:00:05]} Nb8
{[%emt 0:00:40]} 20. Rxa7 {[%emt 0:00:05]} f4 {[%emt 0:00:05]} 21. Nc4 { [%emt
0:00:13]} Nf6 {[%emt 0:00:40]} 22. Ncxe5 {[%emt 0:00:46]} Nfd7 {[%emt 0:00:46]}
23. Qc4 {[%emt 0:01:50]} Qxc4 {[%emt 0:00:50]} 24. Nxc4 {[%emt 0:00:04] } Nf6
{[%emt 0:00:03]} 25. Ra4 {[%emt 0:00:23]} Rd1+ {[%emt 0:00:09]} 26. Kh2 { [%emt
0:00:03]} Nd5 {[%emt 0:00:31]} 27. Ncd2 {[%emt 0:00:33]} Kd7 {[%emt 0:00:15]}
28. Rd4 {[%emt 0:00:18]} c6 {[%emt 0:00:14]} 29. c4 {[%emt 0:00:15]} Kd6 {
[%emt 0:00:13]} 30. Ne4+ {[%emt 0:00:16]} Ke6 {[%emt 0:00:16]} 31. Rxd1 { [%emt
0:00:02]} Kf5 {[%emt 0:00:04]} 32. cxd5 {[%emt 0:00:17]} Kxe4 {[%emt 0:00:03]}
33. bxc6 {[%emt 0:00:05]} bxc6 {[%emt 0:00:03]} 34. d6 {[%emt 0:00:01]} Nd7
{[%emt 0:00:03]} 35. Rd4+ {[%emt 0:00:11]} Kf5 {[%emt 0:00:02]} 36. b4 { [%emt
0:00:01]} Ke6 {[%emt 0:00:01]} 37. g3 {[%emt 0:00:06]} g5 {[%emt 0:00:02] } 38.
Nxg5+ {[%emt 0:00:02]} Ke5 {[%emt 0:00:02]} 39. Nf3+ {[%emt 0:00:01]} Ke6
{[%emt 0:00:02]} 40. g4 {[%emt 0:00:08] TimeB} 1-0

[Event "DSJ Weihnachtsturnier U20 2020"]
[Site "https://play.chessbase.com/en/play?room=DSJWeihnachtU20"]
[Date "2020.12.29"]
[Round "1"]
[White "Schindler, Tobias"]
[Black "Ruff, Korbinian"]
[Result "1-0"]
[Termination "normal"]
[Board "21.1"]
[WhiteElo "1998"]
[BlackElo "1469"]
[WhiteTeam "SK Kelheim 1920"]
[BlackTeam "SGem Aschheim/Feldkirchen/Kirchheim 2"]
[PlyCount "127"]
[WhiteFideId "12963585"]
[BlackFideId "34607838"]
[EventRounds "7"]
[EventType "team-swiss"]
[EventDate "2020.12.29"]

1. c4 {[%emt 0:00:05]} b5 {[%emt 0:00:06]} 2. cxb5 {[%emt 0:00:08]} a6 { [%emt
0:00:01]} 3. bxa6 {[%emt 0:00:02]} Bxa6 {[%emt 0:00:00]} 4. Nc3 {[%emt
0:00:02]} d5 {[%emt 0:00:10]} 5. d4 {[%emt 0:00:10]} Nf6 {[%emt 0:00:02]} 6. g3
{ [%emt 0:00:23]} e6 {[%emt 0:00:03]} 7. Bg2 {[%emt 0:00:11]} c5 {[%emt
0:00:03]} 8. Nf3 {[%emt 0:01:18]} Nc6 {[%emt 0:00:07]} 9. O-O {[%emt 0:01:40]}
Be7 { [%emt 0:01:51]} 10. Re1 {[%emt 0:01:14]} O-O {[%emt 0:00:40]} 11. b3
{[%emt 0:01:20]} Qc7 {[%emt 0:00:58]} 12. dxc5 {[%emt 0:01:05]} Bxc5 {[%emt
0:00:08]} 13. Bb2 {[%emt 0:00:07]} Ng4 {[%emt 0:00:34]} 14. e3 {[%emt 0:00:09]}
Nge5 { [%emt 0:00:05]} 15. Na4 {[%emt 0:01:04]} Ba7 {[%emt 0:01:03]} 16. Nxe5 {
[%emt 0:00:31]} Nxe5 {[%emt 0:00:05]} 17. Rc1 {[%emt 0:00:02]} Qd6 {[%emt
0:00:08]} 18. Bf1 {[%emt 0:00:07]} Bxf1 {[%emt 0:00:40]} 19. Rxf1 {[%emt
0:00:04]} Rfc8 {[%emt 0:00:00]} 20. Qh5 {[%emt 0:00:03]} Ng6 {[%emt 0:00:16]}
21. Qg4 { [%emt 0:00:14]} f5 {[%emt 0:00:25]} 22. Qe2 {[%emt 0:00:09]} Ne5
{[%emt 0:00:12]} 23. Kg2 {[%emt 0:00:04]} Ng4 {[%emt 0:00:04]} 24. h3 {[%emt
0:00:02]} Ne5 {[%emt 0:00:04]} 25. Qd2 {[%emt 0:00:02]} Ng6 {[%emt 0:00:25]}
26. Ba1 { [%emt 0:00:02]} Qd7 {[%emt 0:00:13]} 27. Rxc8+ {[%emt 0:00:04]} Rxc8
{[%emt 0:00:00]} 28. Rc1 {[%emt 0:00:01]} Rc6 {[%emt 0:00:04]} 29. Bb2 {[%emt
0:00:05]} Qc7 {[%emt 0:00:06]} 30. Nc3 {[%emt 0:00:04]} Qb7 {[%emt 0:00:14]}
31. Ne2 { [%emt 0:00:02]} d4 {[%emt 0:00:10]} 32. Rxc6 {[%emt 0:00:12]} Qxc6+
{[%emt 0:00:01]} 33. Kh2 {[%emt 0:00:01]} dxe3 {[%emt 0:00:07]} 34. fxe3 {[%emt
0:00:05] } Bb8 {[%emt 0:00:24]} 35. Nf4 {[%emt 0:00:01]} Nxf4 {[%emt 0:00:39]}
36. exf4 {[%emt 0:00:00]} Ba7 {[%emt 0:00:15]} 37. Qc3 {[%emt 0:00:06]} Qxc3
{[%emt 0:00:12]} 38. Bxc3 {[%emt 0:00:00]} g6 {[%emt 0:00:01]} 39. Kg2 {[%emt
0:00:01]} Kf7 {[%emt 0:00:00]} 40. Kf3 {[%emt 0:00:01]} Ke7 {[%emt 0:00:00]}
41. b4 { [%emt 0:00:01]} Kd6 {[%emt 0:00:01]} 42. a4 {[%emt 0:00:02]} Kd5
{[%emt 0:00:01]} 43. Ke2 {[%emt 0:00:11]} Kc4 {[%emt 0:00:01]} 44. Kd2 {[%emt
0:00:01]} Bf2 {[%emt 0:00:07]} 45. b5 {[%emt 0:00:08]} Bxg3 {[%emt 0:00:07]}
46. Be5 { [%emt 0:00:03]} Bf2 {[%emt 0:00:04]} 47. Kc2 {[%emt 0:00:04]} Kc5
{[%emt 0:00:08]} 48. Kc3 {[%emt 0:00:02]} Kb6 {[%emt 0:00:04]} 49. Bd4+ {[%emt
0:00:02]} Bxd4+ {[%emt 0:00:10]} 50. Kxd4 {[%emt 0:00:00]} Ka5 {[%emt 0:00:06]}
51. Ke5 { [%emt 0:00:01]} Kb6 {[%emt 0:00:01]} 52. Kxe6 {[%emt 0:00:01]} Kc7
{[%emt 0:00:00]} 53. Kf6 {[%emt 0:00:01]} Kd8 {[%emt 0:00:01]} 54. Kg7 {[%emt
0:00:01]} Ke7 {[%emt 0:00:01]} 55. Kxh7 {[%emt 0:00:01]} Kf6 {[%emt 0:00:00]}
56. a5 { [%emt 0:00:01]} g5 {[%emt 0:00:02]} 57. fxg5+ {[%emt 0:00:02]} Kxg5
{[%emt 0:00:00]} 58. b6 {[%emt 0:00:01]} f4 {[%emt 0:00:00]} 59. b7 {[%emt
0:00:00]} f3 {[%emt 0:00:00]} 60. b8=Q {[%emt 0:00:01]} f2 {[%emt 0:00:01]} 61.
Qf8 { [%emt 0:00:01]} Kh4 {[%emt 0:00:01]} 62. Qxf2+ {[%emt 0:00:01]} Kxh3
{[%emt 0:00:00]} 63. Qg1 {[%emt 0:00:01]} Kh4 {[%emt 0:00:01]} 64. Kg7 {[%emt
0:00:00] Aschhm2-001 gibt auf} 1-0

[Event "DSJ Weihnachtsturnier U20 2020"]
[Site "https://play.chessbase.com/en/play?room=DSJWeihnachtU20"]
[Date "2020.12.29"]
[Round "1"]
[White "Müller, Fabian"]
[Black "Huber, Benedikt"]
[Result "0-1"]
[Termination "normal"]
[Board "21.2"]
[WhiteElo "964"]
[BlackElo "1613"]
[WhiteTeam "SGem Aschheim/Feldkirchen/Kirchheim 2"]
[BlackTeam "SK Kelheim 1920"]
[PlyCount "46"]
[WhiteFideId "34607846"]
[BlackFideId "16281225"]
[EventRounds "7"]
[EventType "team-swiss"]
[EventDate "2020.12.29"]

1. d4 {[%emt 0:00:04]} d5 {[%emt 0:00:01]} 2. Bf4 {[%emt 0:00:02]} Nf6 { [%emt
0:00:02]} 3. Nf3 {[%emt 0:00:02]} Bf5 {[%emt 0:00:01]} 4. e3 {[%emt 0:00:02]}
e6 {[%emt 0:00:01]} 5. c3 {[%emt 0:00:02]} Bd6 {[%emt 0:00:01]} 6. Bg3 { [%emt
0:00:02]} c6 {[%emt 0:00:03]} 7. Bd3 {[%emt 0:00:03]} Bxd3 {[%emt 0:00:03]} 8.
Qxd3 {[%emt 0:00:00]} O-O {[%emt 0:00:02]} 9. Nbd2 {[%emt 0:00:03]} Re8 {[%emt
0:00:34]} 10. O-O {[%emt 0:00:17]} Bxg3 {[%emt 0:00:04]} 11. hxg3 { [%emt
0:00:03]} Nbd7 {[%emt 0:00:02]} 12. e4 {[%emt 0:00:03]} Nxe4 {[%emt 0:00:23]}
13. Nxe4 {[%emt 0:00:04]} dxe4 {[%emt 0:00:00]} 14. Qxe4 {[%emt 0:00:00]} Nf6
{[%emt 0:00:01]} 15. Qd3 {[%emt 0:00:05]} e5 {[%emt 0:00:42]} 16. Rfe1 { [%emt
0:00:19]} e4 {[%emt 0:00:06]} 17. Qe3 {[%emt 0:00:21]} exf3 {[%emt 0:00:05]}
18. Qxf3 {[%emt 0:00:00]} Rxe1+ {[%emt 0:00:02]} 19. Rxe1 {[%emt 0:00:01]} Qd7
{[%emt 0:00:01]} 20. Rd1 {[%emt 0:00:17]} Re8 {[%emt 0:00:04]} 21. Kf1 { [%emt
0:00:03]} Qd5 {[%emt 0:00:12]} 22. Qf4 {[%emt 0:00:20]} Qxa2 {[%emt 0:00:34]}
23. Re1 {[%emt 0:00:04]} Qc4+ {[%emt 0:00:05]} 0-1

[Event "DSJ Weihnachtsturnier U20 2020"]
[Site "https://play.chessbase.com/en/play?room=DSJWeihnachtU20"]
[Date "2020.12.29"]
[Round "1"]
[White "Gold, Florian"]
[Black "Zurbuchen, Felix"]
[Result "1-0"]
[Termination "normal"]
[Board "21.3"]
[WhiteElo "1769"]
[BlackElo "1378"]
[WhiteTeam "SK Kelheim 1920"]
[BlackTeam "SGem Aschheim/Feldkirchen/Kirchheim 2"]
[PlyCount "137"]
[WhiteFideId "16220536"]
[EventRounds "7"]
[EventType "team-swiss"]
[EventDate "2020.12.29"]

1. e4 {[%emt 0:00:02]} c5 {[%emt 0:00:04]} 2. Nc3 {[%emt 0:00:01]} Nc6 { [%emt
0:00:04]} 3. g3 {[%emt 0:00:01]} e5 {[%emt 0:00:22]} 4. Bg2 {[%emt 0:00:05]}
Nf6 {[%emt 0:00:02]} 5. d3 {[%emt 0:00:01]} Be7 {[%emt 0:00:07]} 6. f4 { [%emt
0:00:17]} exf4 {[%emt 0:00:33]} 7. Bxf4 {[%emt 0:00:05]} O-O {[%emt 0:00:08]}
8. Nf3 {[%emt 0:00:04]} d6 {[%emt 0:00:10]} 9. O-O {[%emt 0:00:04]} Bg4 { [%emt
0:00:03]} 10. h3 {[%emt 0:00:07]} Be6 {[%emt 0:00:03]} 11. d4 {[%emt 0:00:29]}
cxd4 {[%emt 0:00:27]} 12. Nxd4 {[%emt 0:00:00]} Qb6 {[%emt 0:00:25]} 13. Nce2
{[%emt 0:00:38]} Nh5 {[%emt 0:00:12]} 14. Be3 {[%emt 0:00:20]} Rac8 { [%emt
0:01:06]} 15. Nf5 {[%emt 0:00:52]} Qc7 {[%emt 0:00:33]} 16. g4 {[%emt 0:00:34]}
Nf6 {[%emt 0:00:37]} 17. Nc3 {[%emt 0:00:57]} Ne5 {[%emt 0:00:19]} 18. Bf4
{[%emt 0:00:19]} Qb6+ {[%emt 0:00:08]} 19. Kh1 {[%emt 0:00:08]} Bxf5 { [%emt
0:00:10]} 20. exf5 {[%emt 0:01:25]} Qxb2 {[%emt 0:00:16]} 21. Bxe5 { [%emt
0:00:30]} dxe5 {[%emt 0:00:09]} 22. Nd5 {[%emt 0:00:02]} Nxd5 {[%emt 0:00:17]}
23. Qxd5 {[%emt 0:00:00]} Rxc2 {[%emt 0:00:18]} 24. Rab1 {[%emt 0:00:24]} Qxa2
{[%emt 0:00:22]} 25. Rxb7 {[%emt 0:00:06]} Rxg2 {[%emt 0:00:25]} 26. Qxg2
{[%emt 0:00:07]} Qxg2+ {[%emt 0:00:04]} 27. Kxg2 {[%emt 0:00:00]} Bc5 { [%emt
0:00:11]} 28. Rd1 {[%emt 0:00:17]} h6 {[%emt 0:00:18]} 29. Kf3 {[%emt 0:00:12]}
Bd4 {[%emt 0:00:13]} 30. Rc1 {[%emt 0:00:13]} Bb6 {[%emt 0:00:16]} 31. Ke4
{[%emt 0:00:09]} f6 {[%emt 0:00:28]} 32. Rd7 {[%emt 0:00:38]} Ra8 {[%emt
0:00:40]} 33. Rc6 {[%emt 0:00:06]} Bd4 {[%emt 0:00:09]} 34. Rcc7 {[%emt
0:00:04]} a5 {[%emt 0:00:06]} 35. Rxg7+ {[%emt 0:00:02]} Kf8 {[%emt 0:00:02]}
36. Rh7 { [%emt 0:00:01]} Kg8 {[%emt 0:00:08]} 37. Rxh6 {[%emt 0:00:12]} a4
{[%emt 0:00:02]} 38. Rg6+ {[%emt 0:00:02]} Kh8 {[%emt 0:00:03]} 39. Rc2 {[%emt
0:00:27]} a3 {[%emt 0:00:04]} 40. Ra2 {[%emt 0:00:01]} Bb2 {[%emt 0:00:07]} 41.
Rxf6 { [%emt 0:00:04]} Kg7 {[%emt 0:00:03]} 42. Rb6 {[%emt 0:00:11]} Ra4+
{[%emt 0:00:06]} 43. Kd3 {[%emt 0:00:17]} Rd4+ {[%emt 0:00:04]} 44. Kc2 {[%emt
0:00:04]} Rc4+ {[%emt 0:00:08]} 45. Kd3 {[%emt 0:00:24]} Rc3+ {[%emt 0:00:03]}
46. Kd2 { [%emt 0:00:06]} Rxh3 {[%emt 0:00:05]} 47. Rbxb2 {[%emt 0:00:17]} axb2
{[%emt 0:00:02]} 48. Rxb2 {[%emt 0:00:00]} Rh2+ {[%emt 0:00:01]} 49. Kc3 {[%emt
0:00:02] } Rxb2 {[%emt 0:00:04]} 50. Kxb2 {[%emt 0:00:00]} Kf6 {[%emt 0:00:03]}
51. Kc3 {[%emt 0:00:01]} e4 {[%emt 0:00:16]} 52. Kd4 {[%emt 0:00:01]} e3 {[%emt
0:00:01]} 53. Kxe3 {[%emt 0:00:01]} Kf7 {[%emt 0:00:02]} 54. Kf4 {[%emt
0:00:01]} Kf8 {[%emt 0:00:01]} 55. Kg5 {[%emt 0:00:01]} Kg7 {[%emt 0:00:01]}
56. f6+ { [%emt 0:00:01]} Kh7 {[%emt 0:00:03]} 57. Kf5 {[%emt 0:00:04]} Kh8
{[%emt 0:00:02]} 58. g5 {[%emt 0:00:01]} Kg8 {[%emt 0:00:02]} 59. g6 {[%emt
0:00:01]} Kh8 { [%emt 0:00:02]} 60. Ke6 {[%emt 0:00:01]} Kg8 {[%emt 0:00:02]}
61. Ke7 {[%emt 0:00:01]} Kh8 {[%emt 0:00:01]} 62. g7+ {[%emt 0:00:02]} Kh7
{[%emt 0:00:02]} 63. f7 {[%emt 0:00:01]} Kxg7 {[%emt 0:00:03]} 64. f8=Q+ {[%emt
0:00:00]} Kg6 { [%emt 0:00:01]} 65. Ke6 {[%emt 0:00:02]} Kg5 {[%emt 0:00:00]}
66. Qf7 {[%emt 0:00:01]} Kh6 {[%emt 0:00:01]} 67. Qg8 {[%emt 0:00:01]} Kh5
{[%emt 0:00:07]} 68. Kf5 {[%emt 0:00:03]} Kh4 {[%emt 0:00:02]} 69. Qg4# {[%emt
0:00:01]} 1-0